Chanteurs aléatoires par chansons en français - Statistiques

Statistiques générales
  • Ce quiz a été pris 633 fois
  • Le résultat moyen est 8 sur 20
Statistiques - réponses
Chanson Chanteurs % Correct
Djadja Aya Nakamura
100%
La bohême Charles Aznavour
95%
Au bout de mes rêves Jean-Jacques Goldman
95%
Jour 1 Louane
94%
La boulette (génération nan nan) Diam's
93%
L'Aventurier Indochine
93%
Bruxelles je t'aime Angèle
91%
L'Aigle noir Barbara
91%
Elle me dit Mika
91%
Sapés comme jamais Gims
90%
Je veux Zaz
90%
Moi... Lolita ! Alizée
89%
Les sardines Patrick Sébastien
89%
Tous les cris les SOS Daniel Balavoine
88%
Les copains d'abord Georges Brassens
88%
Ma philosophie Amel Bent
85%
Aline Christophe
85%
Au Soleil Jenifer
85%
Andalouse Kendji Girac
85%
Je m'en vais Vianney
85%
Les lacs du Connemara Michel Sardou
84%
Dommage Bigflo & Oli
83%
Cette année là Claude François
83%
On s'attache Christophe Maé
82%
La valse à mille temps Jacques Brel
82%
Libertine Mylène Farmer
82%
Je suis malade Serge Lama
82%
Tous les mêmes Stromae
82%
La grenade Clara Luciani
81%
La foule Edith Piaf
81%
Fruit de la passion Francky Vincent
80%
La quête Orelsan
80%
Santiano Hugues Aufray
79%
Femme Like U K.Maro
79%
Ma liberté de penser Florent Pagny
78%
Je te promets Johnny Hallyday
78%
Aïcha Khaled
77%
Place des grands hommes Patrick Bruel
77%
Sur ma route Black M
76%
On va s'aimer Gilbert Montagné
76%
New York avec toi Téléphone
76%
Isabelle a les yeux bleus Les Inconnus
75%
Magic in the Air Magic System
75%
Lucie Pascal Obispo
75%
Toulouse Claude Nougaro
74%
Fous ta cagoule Fatal Bazooka
74%
Je danse le Mia IAM
74%
Dieu m'a donné la foi Ophélie Winter
74%
La tribu de Dana Manau
73%
Caroline MC Solaar
73%
Le paradis blanc Michel Berger
73%
Les Corons Pierre Bachelet
73%
Qui de nous deux -M-
72%
La symphonie des éclairs Zaho de Sagazan
72%
Ca plane pour moi Plastic Bertrand
71%
Il avait les mots Sheryfa Luna
71%
Tomber la chemise Zebda
71%
C'est bon pour le moral La Compagnie créole
70%
Le sud Nino Ferrer
70%
Double Je Christophe Willem
69%
Tourner dans le vide Indila
69%
Clic clic pan pan Yanns
69%
Lettre à France Michel Polnareff
68%
Ramenez la coupe à la maison Vegedream
68%
Voilà Barbara Pravi
67%
Salade de fruits Bourvil
67%
Parce qu'on vient de loin Corneille
67%
Voyage voyage Desireless
67%
Allô allô monsieur l'ordinateur Dorothée
67%
Toi + moi Grégoire
67%
Ca m'énerve Helmut Fritz
67%
On m'appelle l'OVNI Jul
67%
Le Graal Kyo
67%
Toutes les femmes de ta vie L5
67%
En feu Soprano
67%
Ouragan Stéphanie
67%
Aux arbres citoyens Yannick Noah
67%
Encore un soir Céline Dion
66%
Sensualité Axelle Red
65%
Big bisous Carlos
65%
Paris-Seychelles Julien Doré
65%
Partenaire particulier Partenaire Particulier
65%
L'hymne de nos campagnes Tryo
65%
Bo le lavabo Vincent Lagaf'
65%
Harley Davidson Brigitte Bardot
64%
La corrida Francis Cabrel
64%
Ecris l'histoire Grégory Lemarchal
64%
J'aimerais trop Keen'V
64%
Ton invitation Louise Attaque
64%
Et c'est parti... Nâdiya
64%
Femme libérée Cookie Dingler
63%
Capitaine abandonné Gold
63%
Rockollection Laurent Voulzy
63%
Le banana split Lio
63%
Je serai (ta meilleure amie) Lorie
63%
La lettre Renan Luce
63%
Petit Papa Noël Tino Rossi
63%
Louxor, j'adore Philippe Katerine
62%
Partir un jour 2Be3
61%
La femme chocolat Olivia Ruiz
61%
Hélène Roch Voisine
61%
L'oiseau et l'enfant Marie Myriam
60%
Joe le taxi Vanessa Paradis
60%
Dans les yeux d'Emilie Joe Dassin
59%
Je t'aime Lara Fabian
59%
Réseaux Niska
59%
Aimer jusqu'à l'impossible Tina Arena
59%
Marly-Gomont Kamini
58%
L'horloge tourne Mickaël Miro
58%
Du côté de chez Swann Dave
57%
Le dernier jour du disco Juliette Armanet
57%
Garçon Koxie
57%
Où sont les femmes Patrick Juvet
57%
A bicyclette Yves Montand
57%
Pandi Panda Chantal Goya
56%
Eve lève-toi Julie Pietri
56%
La Goffa Lolita La Petite Culotte
56%
Caravane Raphaël
56%
Ma benz Suprême NTM
56%
Quelqu'un m'a dit Carla Bruni
55%
Le chant des sirènes Fréro Delavega
55%
Il y a trop de gens qui t'aiment Hélène Ségara
55%
La kiffance Naps
55%
L'amour à la machine Alain Souchon
54%
Recommence-moi Santa
54%
Rue de la paix Zazie
54%
Je joue de la musique Calogero
53%
Une seule vie Gérald de Palmas
53%
Les démons de minuit Images
53%
Tu m'oublieras Larusso
53%
San Francisco Maxime le Forestier
53%
Pour un flirt Michel Delpech
53%
Jeune et con Saez
53%
La bonne du curée Annie Cordie
52%
La dernière séance Eddy Mitchell
52%
Juste une illusion Jean-Louis Aubert
52%
Déjeuner en paix Stéphane Eicher
52%
Eteins la lumière Axel Bauer
50%
Le déserteur Boris Vian
50%
Non non non (écouter Barbara) Camélia Jordana
50%
Nuit magique Catherine Lara
50%
Un homme debout Claudio Capéo
50%
Beau malheur Emmanuel Moire
50%
Les valses de Vienne François Feldman
50%
Macumba Jean-Pierre Mader
50%
Trop beau Lomepal
50%
Qui saura Mike Brant
50%
Assassins des templiers Norman
50%
Le zizi Pierre Perret
50%
Africa Rose Laurens
50%
Chanson sur ma drôle de vie Véronique Sanson
50%
L'effet papillon Bénabar
48%
Soulman Ben l'Oncle Soul
48%
Made in Normandie Stone & Charden
48%
L'amour c'est comme une cigarette Sylvie Vartan
48%
C'est chelou Zaho
48%
Les élucubrations d'Antoine Antoine
47%
Les filles de mon pays Enrico Macias
47%
Week-end à Rome Etienne Daho
47%
J'aime les filles Jacques Dutronc
47%
Wati by Night Sexion d'Assaut
47%
Christine Christine and the Queens
45%
Comme des enfants Cœur de Pirate
45%
Et alors Shy'm
45%
J'ai cherché Amir
44%
Coups et blessures BB Brunes
44%
Ceux qu'on était Pierre Garnier
44%
Fête de trop Eddy de Pretto
43%
Un monde parfait Ilona Mitrecey
43%
A la faveur de l'automne Tété
43%
Les planètes Matt Pokora
42%
Je suis venu te dire que je m'en vais Serge Gainsbourg
42%
Lola Superbus
42%
Le sens de la vie Tal
42%
J'aime plus Paris Thomas Dutronc
42%
Seul Garou
41%
Si j'étais Président Gérard Lenorman
41%
Avec le temps Léo Ferré
41%
Amour plastique Videoclub
41%
Et tu danses avec lui C. Jérôme
40%
Nuit de folie Début de soirée
40%
Le lion est mort ce soir Henri Salvador
40%
Toute première fois Jeanne Mas
40%
Pauvres diables (Vous les femmes...) Julio Iglesias
40%
La vie qu'on mène Ninho
40%
Lady Melody Tom Frager
40%
Sacré Charlemagne France Gall
39%
Fais comme l'oiseau Michel Fugain
39%
Comment est ta peine ? Benjamin Biolay
38%
La chansons des Restos Les Enfoirés
38%
Cœur maladroit Marine
38%
Bad boy Marwa Loud
38%
L'amour à la plage Niagara
38%
Hexagone Renaud
38%
Le jerk Thierry Hazard
38%
Antisocial TRUST
38%
La nuit je mens Alain Bashung
37%
Bim bam toi Carla
37%
Les filles, les meufs Marguerite
37%
Si j'étais un homme Diane Tell
36%
Tu seras Emma Daumas
36%
Tombé du ciel Jacques Higelin
36%
Gamin des sables Jérémy Frerot
36%
Besoin de rien, envie de toi Peter & Sloane
36%
Un homme heureux William Sheller
36%
Tellement je t'aime Faudel
35%
Le métèque Georges Moustaki
35%
La boîte de jazz Michel Jonasz
35%
Allô le monde Pauline
35%
Les Rois mages Sheila
35%
Côte Ouest 47ter
33%
Pull marine Isabelle Adjani
33%
J'aimerais tellement Jena Lee
33%
Petite sœur Lââm
33%
Marcia Baïla Les Rita Mitsuko
33%
Ma cabane au Canada Line Renaud
33%
Sur un prélude de Bach Maurane
33%
Mon mec à moi Patricia Kaas
33%
ZOU BIZOU Theodora
33%
Le coup de folie Thierry Pastor
33%
Entre nous Chimène Badi
32%
A toute les filles Didier Barbelivien
32%
Pour le plaisir Herbert Léonard
32%
Emmène-moi danser ce soir Michèle Torr
32%
Toute la pluie tombe sur moi Sacha Distel
32%
Tant pis pour elle Charlotte Cardin
31%
Tu ne m'as pas laissé le temps David Hallyday
31%
T'en va pas Elsa
31%
On se retrouvera Francis Lalanne
31%
Confidence pour confidence Jean Schultheis
31%
Tu trouveras Natasha St-Pier
31%
Mon cœur, mon amour Anaïs
30%
Nathalie Gilbert Bécaud
30%
Je ne t'aime plus Manu Chao
30%
On verra Nekfeu
30%
A nos souvenirs Trois Cafés Gourmands
30%
La mer Charles Trénet
29%
Mon vieux Daniel Guichard
29%
Parle-moi Isabelle Boulay
29%
Avant de nous dire adieu Jeane Manson
29%
J'aime les moches Max Boublil
29%
Mon papa à moi est un gangster Stomy Bugsy
29%
Ces soirées-là Yannick
29%
Song for Jedi Dionysos
28%
Capri c'est fini Hervé Vilard
28%
J'ai encore rêvé d'elle Il était une fois
28%
Aimer à perdre la raison Jean Ferrat
28%
Amour censure Hoshi
27%
Une femme avec une femme Mecano
27%
Un enfant de toi Phil Barney
27%
Mon bébé RnBoi
27%
Hit sale Therapie TAXI
27%
Du ferme La Fouine
26%
Toi mon amour Marc Lavoine
26%
Les bêtises Sabine Paturel
26%
N'y pense plus Tayc
26%
Femme que j'aime Jean-Luc Lahaye
25%
Regarde-moi (Teste-moi, déteste-moi) Priscilla
25%
Tombe la neige Salvatore Adamo
25%
Virile Suzane
25%
A fleur de toi Vitaa
25%
Corps Yseult
25%
Respire Mickey 3D
24%
particule miki
24%
Parlez-moi de lui Nicole Croisille
24%
Onizuka PNL
24%
Tout le bonheur du monde Sinsémilia
24%
La neige au Sahara Anggun
23%
Parapluie Jeck
23%
Ces idées-là Louis Bertignac
23%
Faut que tu m'aimes Styleto
23%
Prendre un enfant Yves Duteil
23%
Le géant de papier Jean-Jacques Lafon
22%
Si je m'en sors Julie Zenatti
22%
Je pense à vous Linh
22%
Tout savoir Adé
21%
Le rital Claude Barzotti
21%
L'envie d'aimer Daniel Levi
21%
La ceinture Elodie Frégé
21%
Comment te dire adieu Françoise Hardy
21%
Toutes les machines ont un cœur Maëlle
21%
Elle préfère l'amour en mer Philippe Lavil
21%
Je la connais SCH
21%
Des milliers de je t'aime Slimane
21%
Les poèmes de Michelle Teri Moïse
21%
Suzette Dany Brillant
20%
Mais je t'aime Grand Corps Malade
20%
Bazardée KeBlack
20%
Je survivrai Régine
20%
Amoureux de ma femme Richard Anthony
20%
Du rhum, des femmes Soldat Louis
20%
Quand je t'aime Demis Roussos
19%
Mauvais garçon Helena
19%
Pour l'amour d'un garçon Hélène Rollès
19%
Tes états d'âme Eric Luna Parker
19%
Lambé An Dro Matmatah
19%
Dans le club Michou
19%
Mamy Blue Nicoletta
19%
Meuda Tiakola
19%
Une autre histoire Gérard Blanc
18%
Il est libre Max Herbé Cristiani
18%
Le plus fort c'est mon père Linda Lemay
18%
L'homme pressé Noir Désir
18%
Comme un avion sans aile Charlelie Couture
17%
Mets de l'huile ! Regg'Lyss
17%
Idées noires Bernard Lavilliers
16%
C'est quand le bonheur Cali
16%
Pile ou face Corynne Charby
16%
Compliqué Dadju
16%
Laissons entrer le Soleil Julien Clerc
16%
Nuit sauvage Les Avions
16%
On a tous le droit Liane Foly
16%
J'ai la mémoire qui flanche Jeanne Moreau
15%
Donnez-moi Les Frangines
15%
Elle te rend dingue Nuttea
15%
Ulysse Ridan
15%
Bruxelles Boulevard des airs
14%
Mili Mili Inoxtag
14%
Il a neigé sur Yesterday Marie Laforêt
14%
Attentat PLK
14%
A bouche que veux-tu Brigitte
13%
Dieu ne ment jamais Damso
13%
Ca ira Joyce Jonathan
13%
Sur la planche La Femme
13%
Les gens qu'on aime Patrick Fiori
13%
Diabolo menthe Yves Simon
13%
Sans défense Clémence
12%
Les bêtises à l'école Henri Dès
12%
La fille du coupeur de joints Hubert-Félix Thiéfaine
12%
Ruelle sombre Lisa Pariente
12%
Une femme amoureuse Mireille Mathieu
12%
C'est beau la bourgeoisie Discobitch
11%
Celui qui part Joseph Kamel
11%
Brésil-Finistère Nolwenn Leroy
11%
Manureva Alain Chamfort
10%
Merci patron Les Charlots
10%
Zobi la mouche Les Négresses vertes
10%
Bye bye Ménélik
10%
Cœur de loup Philippe Lafontaine
10%
Quand je marche Ben Mazué
9%
La poupée monte le son Laura Thorn
9%
Qui est l'exemple Rohff
9%
Le temps des cathédrales Bruno Pelletier
8%
La liste Rose
8%
Cette moitié de nous Ycare
8%
J'veux du soleil Au p'tit bonheur
7%
Les rois du monde Damien Sargue
7%
Mise au point Jakie Quartz
7%
Partons vite Kaolin
7%
Chacun sa route KOD
7%
Je sais pas jouer Pierpoljak
7%
Soleil Roméo Elvis
7%
Chemin d'or Werenoi
7%
Alabama Adèle Castillon
6%
Elle était si jolie Alain Barrière
6%
La maman des poissons Boby Lapointe
6%
Je reviendrai à Montréal Robert Charlebois
6%
La boxeuse amoureuse Arthur H
5%
Il existe un endroit Békar
5%
Juste quelqu'un de bien Enzo Enzo
5%
Monde nouveau Feu! Chatterton
5%
Tout va très bien madame la marquise Ray Ventura
5%
Métèque JoeyStarr
4%
Je ne pense qu'à ça Lenaïg
4%
L'autre finistère Les Innocents
4%
Le blues du businessman Claude Dubois
0%
La fille à la moto Dani
0%
Qu'ils ont de la chance disiz
0%
Moi j'écrirai ton nom Elsa Esnoult
0%
T'as le look coco Laroche Valmont
0%
C'est beau l'amour Léopold Nord et Vous
0%
Vive nous Louis Chedid
0%
Tant besoin de toi Marc Antoine
0%
La parisienne Marie-Paule Belle
0%
Au nom de la rose Moos
0%
Gabriel Najoua Belizel
0%
Le papa pingouin Pigloo
0%
Ceux qui rêvent Pomme
0%
Non, non, rien n'a changé Poppys
0%
La fin du monde Sam Sauvage
0%
Mal ô mains Sanseverino
0%
La dernière danse (Ne rentre pas chez toi ce soir) Slaï
0%
Rayon de soleil William Baldé
0%
Aucun quiz correspondant
Distribution des résultats
% des personnes avec chaque résultat
Percentile par nombre de réponses
Votre historique - résultats
Vous n’avez pas pris ce quiz